[Event "IM"]
[Site "Aarhus"]
[Date "2005.07.05"]
[Round "4"]
[White "Nilssen, John Arni"]
[Black "Stark, Lars"]
[Result "1/2-1/2"]
[WhiteElo "2374"]
[BlackElo "2337"]
[PlyCount "152"]
[EventDate "2005.07.02"]
[EventType "tourn"]
[EventRounds "9"]
[EventCountry "DEN"]
[EventCategory "4"]
[SourceTitle "CBM 107 Extra"]
[Source "ChessBase"]
[SourceDate "2005.09.01"]

1. Nf3 Nf6 2. c4 Nc6 3. d4 e6 4. Nc3 Bb4 5. g3 O-O 6. Bg2 d6 7. Bd2 Qe7 8. O-O
e5 9. Nd5 Nxd5 10. cxd5 Bxd2 11. dxc6 Ba5 12. dxe5 bxc6 13. Nd4 Bd7 14. Bxc6
dxe5 15. Bxa8 exd4 16. Qxd4 Rxa8 17. Qd5 Re8 18. Qxa5 Bh3 19. Rfd1 Qe4 20. Qd5
Qxe2 21. Qd3 Qxb2 22. Re1 Rf8 23. a3 g6 24. Rac1 Qb6 25. Qf3 h5 26. Qc6 Qb2 27.
a4 Qa2 28. Qc4 Qa3 29. Rc3 Qb2 30. a5 Qd2 31. Ra1 Rd8 32. Rcc1 Rd6 33. Qh4 Bg4
34. Qe7 Bh3 35. Qh4 Bg4 36. Qe7 Bh3 37. Qe8+ Kg7 38. Qe3 Qd5 39. f3 Rf6 40. Ra3
Re6 41. Qd3 Qg5 42. Raa1 Qe7 43. Kf2 Kh7 44. Qc4 Qf6 45. Qc3 Qg5 46. Ra2 Rd6
47. Re2 Be6 48. Qxc7 Rd7 49. Qc5 Rd5 50. Qc7 Qf5 51. Rce1 Rd7 52. Qe5 Qd3 53.
Qc5 Bc4 54. Qe3 Qd6 55. Rc2 Be6 56. Ree2 Qa6 57. Rc5 Qd6 58. Qc3 Rb7 59. Rd2
Qe7 60. Qe5 a6 61. Qd6 Qf6 62. Qxa6 Rb1 63. Qd3 Rb3 64. Qe4 Bg4 65. f4 Ra3 66.
Qe5 Qa6 67. Rb5 Qa8 68. Qd5 Qe8 69. Qe5 Qa8 70. Qd5 Qe8 71. Rb3 Be6 72. Rxa3
Bxd5 73. Rxd5 Qc6 74. Rad3 Qa4 75. R3d4 Qa3 76. Rd3 Qa4 1/2-1/2

[Event "IM"]
[Site "Aarhus"]
[Date "2005.07.03"]
[Round "2"]
[White "Nilssen, John Arni"]
[Black "Berg, Klaus"]
[Result "1/2-1/2"]
[WhiteElo "2374"]
[BlackElo "2420"]
[PlyCount "54"]
[EventDate "2005.07.02"]
[EventType "tourn"]
[EventRounds "9"]
[EventCountry "DEN"]
[EventCategory "4"]
[SourceTitle "CBM 107 Extra"]
[Source "ChessBase"]
[SourceDate "2005.09.01"]

1. d4 Nf6 2. c4 e6 3. Nc3 Bb4 4. g3 c5 5. Nf3 cxd4 6. Nxd4 Ne4 7. Qd3 Bxc3+ 8.
bxc3 Nc5 9. Qf3 d6 10. Bg2 Bd7 11. O-O O-O 12. Rb1 Bc6 13. Nxc6 Nxc6 14. Bf4
Qe7 15. Rfd1 Rfd8 16. Qh5 Rac8 17. Rd2 Na5 18. Rd4 g6 19. Qh6 e5 20. Bg5 f6 21.
Bd5+ Kh8 22. Qxh7+ Kxh7 23. Rh4+ Kg7 24. Bh6+ Kh8 25. Bg5+ Kg7 26. Bh6+ Kh8 27.
Bg5+ Kg7 1/2-1/2

[Event "IM"]
[Site "Aarhus"]
[Date "2005.07.09"]
[Round "8"]
[White "Nilssen, John Arni"]
[Black "Petri, Thomas"]
[Result "1/2-1/2"]
[WhiteElo "2374"]
[BlackElo "2067"]
[PlyCount "69"]
[EventDate "2005.07.02"]
[EventType "tourn"]
[EventRounds "9"]
[EventCountry "DEN"]
[EventCategory "4"]
[SourceTitle "CBM 107 Extra"]
[Source "ChessBase"]
[SourceDate "2005.09.01"]

1. d4 g6 2. e4 Bg7 3. c3 d6 4. Nf3 c6 5. a4 Nf6 6. Bd3 O-O 7. O-O Qc7 8. Nbd2
Nbd7 9. Re1 e5 10. a5 Re8 11. dxe5 Nxe5 12. Nxe5 dxe5 13. Nc4 Be6 14. Qe2 Nd7
15. Be3 Bf8 16. b4 b5 17. axb6 axb6 18. f3 b5 19. Na5 c5 20. Bxb5 cxb4 21. cxb4
Bxb4 22. Rec1 Qd6 23. Nc4 Bxc4 24. Qxc4 Rxa1 25. Rxa1 Rb8 26. Ra7 Qd1+ 27. Qf1
Qxf1+ 28. Bxf1 Bc5 29. Bxc5 Nxc5 30. Bc4 Rb7 31. Ra8+ Kg7 32. Re8 Kf6 33. h4
Rc7 34. Bd5 h6 35. Rb8 1/2-1/2

[Event "IM"]
[Site "Aarhus"]
[Date "2005.07.09"]
[Round "8"]
[White "Pedersen, Christian Kyndel"]
[Black "Stark, Lars"]
[Result "1/2-1/2"]
[WhiteElo "2364"]
[BlackElo "2337"]
[PlyCount "31"]
[EventDate "2005.07.02"]
[EventType "tourn"]
[EventRounds "9"]
[EventCountry "DEN"]
[EventCategory "4"]
[SourceTitle "CBM 107 Extra"]
[Source "ChessBase"]
[SourceDate "2005.09.01"]

1. e4 e6 2. d4 d5 3. e5 c5 4. c3 Nc6 5. Nf3 Bd7 6. Be2 f6 7. O-O fxe5 8. Nxe5
Nxe5 9. dxe5 Qc7 10. c4 d4 11. Re1 O-O-O 12. Bd3 Ne7 13. Na3 a6 14. Nc2 Nc6 15.
Bf4 Be7 16. Qd2 1/2-1/2

[Event "IM"]
[Site "Aarhus"]
[Date "2005.07.02"]
[Round "1"]
[White "Pedersen, Christian Kyndel"]
[Black "Petri, Thomas"]
[Result "1-0"]
[WhiteElo "2364"]
[BlackElo "2067"]
[PlyCount "63"]
[EventDate "2005.07.02"]
[EventType "tourn"]
[EventRounds "9"]
[EventCountry "DEN"]
[EventCategory "4"]
[SourceTitle "CBM 107 Extra"]
[Source "ChessBase"]
[SourceDate "2005.09.01"]

1. e4 g6 2. d4 Bg7 3. c4 d6 4. Nf3 Nf6 5. Nc3 O-O 6. Be2 e5 7. O-O Nc6 8. d5
Ne7 9. b4 a5 10. Ba3 c6 11. dxc6 bxc6 12. b5 c5 13. Qd3 Qc7 14. Rfd1 Ne8 15.
Rab1 Rb8 16. Nd2 Be6 17. Nf1 Bh6 18. Ne3 Bxe3 19. Qxe3 Nc8 20. f4 f6 21. Rf1
Nb6 22. fxe5 fxe5 23. Rxf8+ Kxf8 24. Rf1+ Kg8 25. Nd5 Nxd5 26. exd5 Bc8 27. Qf2
Qe7 28. Bc1 Ng7 29. Bg5 Qe8 30. Qf6 Nf5 31. g4 Nd4 32. Bh6 1-0

[Event "IM"]
[Site "Aarhus"]
[Date "2005.07.04"]
[Round "3"]
[White "Pedersen, Christian Kyndel"]
[Black "Nilssen, John Arni"]
[Result "1-0"]
[WhiteElo "2364"]
[BlackElo "2374"]
[PlyCount "45"]
[EventDate "2005.07.02"]
[EventType "tourn"]
[EventRounds "9"]
[EventCountry "DEN"]
[EventCategory "4"]
[SourceTitle "CBM 107 Extra"]
[Source "ChessBase"]
[SourceDate "2005.09.01"]

1. e4 c5 2. Nf3 Nc6 3. d4 cxd4 4. Nxd4 Nf6 5. Nc3 e5 6. Ndb5 d6 7. Bg5 a6 8.
Na3 Be6 9. Nc4 Rc8 10. Bxf6 gxf6 11. Bd3 Rg8 12. O-O Bg4 13. Be2 Bh3 14. Ne3 f5
15. exf5 Bh6 16. Bf3 Bxe3 17. fxe3 Qg5 18. Ne4 Qg7 19. Qxd6 Bxg2 20. Nf6+ Qxf6
21. Qxf6 Bxf3+ 22. Kf2 e4 23. Rg1 1-0

[Event "IM"]
[Site "Aarhus"]
[Date "2005.07.05"]
[Round "4"]
[White "Pedersen, Christian Kyndel"]
[Black "Rewitz, Poul"]
[Result "1/2-1/2"]
[WhiteElo "2364"]
[BlackElo "2273"]
[PlyCount "77"]
[EventDate "2005.07.02"]
[EventType "tourn"]
[EventRounds "9"]
[EventCountry "DEN"]
[EventCategory "4"]
[SourceTitle "CBM 107 Extra"]
[Source "ChessBase"]
[SourceDate "2005.09.01"]

1. e4 g6 2. d4 Bg7 3. c4 d6 4. Nf3 Bg4 5. Be2 Nc6 6. Be3 e5 7. d5 Bxf3 8. Bxf3
Nd4 9. Bxd4 exd4 10. Nd2 Ne7 11. O-O O-O 12. Nb3 c5 13. dxc6 bxc6 14. c5 a5 15.
Rc1 a4 16. cxd6 axb3 17. dxe7 Qxe7 18. a3 d3 19. Qd2 Qe5 20. Rc3 Rxa3 21. Qxd3
Qd4 22. Rb1 Ra2 23. Qxd4 Bxd4 24. Rxb3 Rfa8 25. e5 Ra1 26. Rf1 R8a2 27. e6 fxe6
28. Bxc6 Rxf1+ 29. Kxf1 Rxb2 30. Rxb2 Bxb2 31. h4 h5 32. Be8 Kg7 33. g3 Kf6 34.
Kg2 Bd4 35. Kf3 Ba7 36. Ke2 Bb8 37. f4 Ba7 38. Kf3 Bb6 39. Ke4 1/2-1/2

[Event "IM"]
[Site "Aarhus"]
[Date "2005.07.07"]
[Round "6"]
[White "Pedersen, Christian Kyndel"]
[Black "Lamprecht, Frank"]
[Result "1-0"]
[WhiteElo "2364"]
[BlackElo "2407"]
[PlyCount "63"]
[EventDate "2005.07.02"]
[EventType "tourn"]
[EventRounds "9"]
[EventCountry "DEN"]
[EventCategory "4"]
[SourceTitle "CBM 107 Extra"]
[Source "ChessBase"]
[SourceDate "2005.09.01"]

1. e4 e6 2. d4 d5 3. e5 c5 4. c3 Qb6 5. Nf3 Bd7 6. Be2 Bb5 7. c4 Bxc4 8. Bxc4
Qb4+ 9. Nbd2 dxc4 10. O-O Nc6 11. a3 Qb5 12. Qe2 cxd4 13. Nxc4 Qa6 14. Rd1 Rd8
15. Bg5 Rd5 16. Rac1 b5 17. Ncd2 h6 18. Bf4 Nge7 19. Nb3 g5 20. Bg3 Bg7 21.
Nfxd4 Nxd4 22. Rxd4 O-O 23. Rc7 Rc8 24. Rxe7 Rxd4 25. Qh5 Kh8 26. h4 b4 27.
hxg5 Qd3 28. Nxd4 bxa3 29. Qxf7 Rg8 30. Re8 Rxe8 31. Qxe8+ Kh7 32. g6+ 1-0

[Event "IM"]
[Site "Aarhus"]
[Date "2005.07.03"]
[Round "2"]
[White "Petri, Thomas"]
[Black "Rewitz, Poul"]
[Result "1/2-1/2"]
[WhiteElo "2067"]
[BlackElo "2273"]
[PlyCount "68"]
[EventDate "2005.07.02"]
[EventType "tourn"]
[EventRounds "9"]
[EventCountry "DEN"]
[EventCategory "4"]
[SourceTitle "CBM 107 Extra"]
[Source "ChessBase"]
[SourceDate "2005.09.01"]

1. e4 e6 2. d3 b6 3. g3 Bb7 4. Bg2 d5 5. e5 Nd7 6. Nf3 c5 7. O-O Qc7 8. Re1 Ne7
9. h4 Rc8 10. h5 h6 11. Qe2 d4 12. c4 dxc3 13. bxc3 Nd5 14. c4 Nb4 15. Nc3 Be7
16. Bf4 O-O 17. a3 Bxf3 18. Bxf3 Nc6 19. Nb5 Nd4 20. Nxc7 Nxe2+ 21. Rxe2 Rxc7
22. a4 a5 23. Rb1 Bd8 24. Bd2 Ra7 25. Bc3 Bc7 26. d4 cxd4 27. Bxd4 Rc8 28. Rb5
Bd8 29. Rc2 Rac7 30. Bxb6 Nxb6 31. Rxb6 Rxc4 32. Rxc4 Rxc4 33. Rb8 Rd4 34. Bc6
Kf8 1/2-1/2

[Event "IM"]
[Site "Aarhus"]
[Date "2005.07.07"]
[Round "6"]
[White "Petri, Thomas"]
[Black "Stark, Lars"]
[Result "0-1"]
[WhiteElo "2067"]
[BlackElo "2337"]
[PlyCount "56"]
[EventDate "2005.07.02"]
[EventType "tourn"]
[EventRounds "9"]
[EventCountry "DEN"]
[EventCategory "4"]
[SourceTitle "CBM 107 Extra"]
[Source "ChessBase"]
[SourceDate "2005.09.01"]

1. g3 Nf6 2. Bg2 e5 3. d3 d5 4. Nf3 Nc6 5. O-O Be7 6. c3 a5 7. Nbd2 O-O 8. e4
dxe4 9. dxe4 Bc5 10. Qc2 Qe7 11. a4 b6 12. Nb3 Ba6 13. Re1 Bd6 14. h3 Rad8 15.
Be3 Rfe8 16. Rad1 Nb8 17. Nbd2 Nbd7 18. Bf1 Bb7 19. Nh4 g6 20. f3 Nh5 21. Kh2
Bc5 22. Qd3 Nxg3 23. Kxg3 Nf6 24. Bxc5 Nh5+ 25. Kh2 Qxh4 26. Qe3 bxc5 27. Nc4
Bc8 28. Qg1 Qf4+ 0-1

[Event "IM"]
[Site "Aarhus"]
[Date "2005.07.10"]
[Round "9"]
[White "Petri, Thomas"]
[Black "Matthiesen, Martin"]
[Result "0-1"]
[WhiteElo "2067"]
[BlackElo "2311"]
[PlyCount "120"]
[EventDate "2005.07.02"]
[EventType "tourn"]
[EventRounds "9"]
[EventCountry "DEN"]
[EventCategory "4"]
[SourceTitle "CBM 107 Extra"]
[Source "ChessBase"]
[SourceDate "2005.09.01"]

1. g3 d5 2. Bg2 c5 3. Nf3 Nc6 4. O-O g6 5. d3 Bg7 6. c3 e6 7. Nbd2 Nge7 8. e4
b6 9. Re1 a5 10. a4 Ra7 11. Nb1 O-O 12. Na3 Rd7 13. Qb3 Ba6 14. Bf1 e5 15. exd5
Nxd5 16. Nc4 Re8 17. Bg5 f6 18. Bd2 Kh8 19. Rad1 Bb7 20. Bg2 h6 21. Re2 Kh7 22.
Bc1 Ba6 23. Bf1 Nde7 24. Ree1 Nc8 25. h4 f5 26. Nfd2 Qf6 27. Nxb6 Rb7 28. Nd5
Qf7 29. Qa2 Nb6 30. Bg2 Bxd3 31. b3 Nxd5 32. b4 c4 33. Nxc4 Nxc3 34. Qd2 Nxd1
35. Nd6 Qd7 36. Nxb7 Qxb7 37. Qxd3 Qxb4 38. Bd2 Qxa4 39. Qd7 Rd8 40. Qf7 Nd4
41. h5 gxh5 42. Rxe5 Rd7 43. Qxh5 Nxf2 44. Rxa5 Qd1+ 45. Qxd1 Nxd1 46. Ra2 Nb2
47. Be3 Nc4 48. Bf2 Ne5 49. Ra5 Kg6 50. Ra6+ Bf6 51. Ba8 Ng4 52. Be1 Rc7 53.
Bb4 Rc2 54. Be7 Kg5 55. Bd6 Nf3+ 56. Bxf3 Bd4+ 57. Kf1 Rf2+ 58. Ke1 Bc3+ 59.
Kd1 Ne3+ 60. Kc1 Rf1+ 0-1

[Event "IM"]
[Site "Aarhus"]
[Date "2005.07.05"]
[Round "4"]
[White "Petri, Thomas"]
[Black "Lamprecht, Frank"]
[Result "1/2-1/2"]
[WhiteElo "2067"]
[BlackElo "2407"]
[PlyCount "52"]
[EventDate "2005.07.02"]
[EventType "tourn"]
[EventRounds "9"]
[EventCountry "DEN"]
[EventCategory "4"]
[SourceTitle "CBM 107 Extra"]
[Source "ChessBase"]
[SourceDate "2005.09.01"]

1. g3 d5 2. Bg2 Nf6 3. d3 e5 4. Nf3 Bd6 5. Nbd2 O-O 6. O-O Re8 7. e4 c6 8. Re1
dxe4 9. Nxe4 Nxe4 10. dxe4 Bc7 11. Be3 b6 12. Qxd8 Rxd8 13. Bf1 Bg4 14. Kg2 f6
15. Bc4+ Kf8 16. h3 Bh5 17. a4 Bg6 18. Nd2 Nd7 19. f3 Ke7 20. Kf2 a6 21. b4 b5
22. Bb3 Bb6 23. Ra2 Rab8 24. axb5 axb5 25. Rea1 c5 26. c3 c4 1/2-1/2

[Event "IM"]
[Site "Aarhus"]
[Date "2005.07.09"]
[Round "8"]
[White "Rewitz, Poul"]
[Black "Berg, Klaus"]
[Result "0-1"]
[WhiteElo "2273"]
[BlackElo "2420"]
[PlyCount "66"]
[EventDate "2005.07.02"]
[EventType "tourn"]
[EventRounds "9"]
[EventCountry "DEN"]
[EventCategory "4"]
[SourceTitle "CBM 107 Extra"]
[Source "ChessBase"]
[SourceDate "2005.09.01"]

1. e4 c6 2. d4 d5 3. f3 g6 4. c3 Bg7 5. e5 f6 6. f4 Nh6 7. Nf3 O-O 8. Bd3 Qb6
9. Nbd2 c5 10. dxc5 Qxc5 11. Nb3 Qc7 12. O-O Nc6 13. exf6 Bxf6 14. Nbd4 Nxd4
15. Nxd4 Bxd4+ 16. cxd4 Bf5 17. Be3 Rac8 18. Bxf5 Nxf5 19. Qb3 Qc4 20. Rae1
Qxb3 21. axb3 Rc2 22. Rf2 Nxe3 23. Rxe3 Rc1+ 24. Rf1 Rxf1+ 25. Kxf1 Rxf4+ 26.
Ke2 Kf7 27. Rd3 Kf6 28. Ke3 Re4+ 29. Kd2 Ke6 30. b4 a6 31. Kc3 Kd6 32. Rf3 Re2
33. Rh3 Rxg2 0-1

[Event "IM"]
[Site "Aarhus"]
[Date "2005.07.02"]
[Round "1"]
[White "Rewitz, Poul"]
[Black "Holst, Allan"]
[Result "1/2-1/2"]
[WhiteElo "2273"]
[BlackElo "2363"]
[PlyCount "46"]
[EventDate "2005.07.02"]
[EventType "tourn"]
[EventRounds "9"]
[EventCountry "DEN"]
[EventCategory "4"]
[SourceTitle "CBM 107 Extra"]
[Source "ChessBase"]
[SourceDate "2005.09.01"]

1. c3 d6 2. d4 Nf6 3. Bg5 Nbd7 4. Nd2 h6 5. Bh4 g5 6. Bg3 Nh5 7. e3 Nxg3 8.
hxg3 e6 9. Bd3 Bg7 10. Ne2 Nf6 11. Ne4 Nxe4 12. Bxe4 h5 13. Qb3 d5 14. Bd3 Qd6
15. O-O-O a5 16. a4 b6 17. Rh2 Bf6 18. Rdh1 h4 19. gxh4 Rxh4 20. g3 Rxh2 21.
Rxh2 Bd7 22. Rh7 Ke7 23. Bb5 Rh8 1/2-1/2

[Event "IM"]
[Site "Aarhus"]
[Date "2005.07.06"]
[Round "5"]
[White "Rewitz, Poul"]
[Black "Nilssen, John Arni"]
[Result "1/2-1/2"]
[WhiteElo "2273"]
[BlackElo "2374"]
[PlyCount "129"]
[EventDate "2005.07.02"]
[EventType "tourn"]
[EventRounds "9"]
[EventCountry "DEN"]
[EventCategory "4"]
[SourceTitle "CBM 107 Extra"]
[Source "ChessBase"]
[SourceDate "2005.09.01"]

1. e4 c5 2. b3 Nf6 3. e5 Nd5 4. Nf3 Nc6 5. Bb2 e6 6. Nc3 Nxc3 7. Bxc3 Be7 8.
Bd3 Qc7 9. h4 h6 10. Qe2 b6 11. Rh3 Bb7 12. Rg3 g5 13. hxg5 hxg5 14. O-O-O Rg8
15. Bh7 Rg7 16. Be4 O-O-O 17. Rg4 Kb8 18. Rh1 Rgg8 19. Rh7 Rdf8 20. Qe3 Rh8 21.
Rxg5 Rxh7 22. Bxh7 Bxg5 23. Qxg5 Qd8 24. Qg7 Ne7 25. Ng5 Nd5 26. Bb2 Nf4 27. g3
Ne2+ 28. Kb1 Nd4 29. Nxf7 Qe7 30. Bg6 Be4 31. Bxe4 Qxf7 32. Qxf7 Rxf7 33. Bxd4
cxd4 34. f3 Rg7 35. g4 Kc7 36. c3 dxc3 37. d4 d5 38. exd6+ Kxd6 39. Kc2 Rc7 40.
a4 e5 41. d5 a6 42. g5 Rg7 43. g6 Rc7 44. b4 a5 45. b5 Rc8 46. Bf5 Rg8 47. Be4
Rc8 48. Bd3 Kxd5 49. Bf5 Rc7 50. Bd3 Ke6 51. Be4 Kf6 52. Kb3 Rc8 53. Bd3 Rc7
54. Kc2 Kg5 55. Be4 Kf4 56. Bc6 Kg5 57. Kxc3 Kxg6 58. Kc4 e4 59. fxe4 Kf6 60.
Kd5 Ke7 61. e5 Rc8 62. e6 Rc7 63. Ke5 Rc8 64. Kd5 Rc7 65. Ke5 1/2-1/2

[Event "IM"]
[Site "Aarhus"]
[Date "2005.07.07"]
[Round "6"]
[White "Rewitz, Poul"]
[Black "Jakubowski, Krzysztof"]
[Result "1-0"]
[WhiteElo "2273"]
[BlackElo "2483"]
[PlyCount "59"]
[EventDate "2005.07.02"]
[EventType "tourn"]
[EventRounds "9"]
[EventCountry "DEN"]
[EventCategory "4"]
[SourceTitle "CBM 107 Extra"]
[Source "ChessBase"]
[SourceDate "2005.09.01"]

1. g3 e5 2. Bg2 d5 3. Nf3 e4 4. Nd4 c5 5. Nb3 c4 6. Nd4 Bc5 7. c3 Nc6 8. Nxc6
bxc6 9. b3 cxb3 10. axb3 f5 11. Ba3 Bxa3 12. Nxa3 Nf6 13. O-O O-O 14. Nc2 Qd6
15. e3 a5 16. Re1 Bd7 17. Ra3 Ng4 18. f4 exf3 19. Qxf3 Ne5 20. Qf4 Qe7 21. Rea1
g5 22. Qd4 f4 23. exf4 gxf4 24. Re1 Rae8 25. gxf4 Nf3+ 26. Bxf3 Qd6 27. Ra4 Bf5
28. Rxe8 Rxe8 29. Ne3 Qg6+ 30. Kf2 1-0

[Event "IM"]
[Site "Aarhus"]
[Date "2005.07.04"]
[Round "3"]
[White "Rewitz, Poul"]
[Black "Matthiesen, Martin"]
[Result "0-1"]
[WhiteElo "2273"]
[BlackElo "2311"]
[PlyCount "58"]
[EventDate "2005.07.02"]
[EventType "tourn"]
[EventRounds "9"]
[EventCountry "DEN"]
[EventCategory "4"]
[SourceTitle "CBM 107 Extra"]
[Source "ChessBase"]
[SourceDate "2005.09.01"]

1. d4 Nf6 2. c3 e6 3. Bg5 d5 4. e3 h6 5. Bh4 Bd6 6. Bd3 c5 7. Nd2 Nc6 8. Ne2
Qb6 9. Rb1 Qc7 10. Bg3 e5 11. O-O exd4 12. exd4 c4 13. Bc2 O-O 14. b3 b5 15.
Rb2 Re8 16. Bxd6 Qxd6 17. Ng3 b4 18. Nb1 cxb3 19. Rxb3 a5 20. cxb4 axb4 21. Rf3
Rxa2 22. Nf5 Bxf5 23. Bxf5 g6 24. Rh3 Qf4 25. Bd3 Nxd4 26. g3 Qf3 27. Rxh6 Ng4
28. Rxg6+ fxg6 29. Bxg6 Ne2+ 0-1

[Event "IM"]
[Site "Aarhus"]
[Date "2005.07.03"]
[Round "2"]
[White "Stark, Lars"]
[Black "Lamprecht, Frank"]
[Result "1/2-1/2"]
[WhiteElo "2337"]
[BlackElo "2407"]
[PlyCount "42"]
[EventDate "2005.07.02"]
[EventType "tourn"]
[EventRounds "9"]
[EventCountry "DEN"]
[EventCategory "4"]
[SourceTitle "CBM 107 Extra"]
[Source "ChessBase"]
[SourceDate "2005.09.01"]

1. c4 c6 2. g3 d5 3. Bg2 Nf6 4. Nf3 Bg4 5. cxd5 cxd5 6. Ne5 Bc8 7. Nc3 e6 8.
O-O Nc6 9. d4 Qb6 10. Nxc6 bxc6 11. Na4 Qb5 12. Qc2 Ba6 13. Be3 Rc8 14. Bf3 Qc4
15. Rfc1 Qxc2 16. Rxc2 Nd7 17. Rac1 Bb5 18. Nc3 Bc4 19. Na4 Bb5 20. Nc3 Bc4 21.
Na4 Bb5 1/2-1/2

[Event "IM"]
[Site "Aarhus"]
[Date "2005.07.10"]
[Round "9"]
[White "Stark, Lars"]
[Black "Rewitz, Poul"]
[Result "1-0"]
[WhiteElo "2337"]
[BlackElo "2273"]
[PlyCount "97"]
[EventDate "2005.07.02"]
[EventType "tourn"]
[EventRounds "9"]
[EventCountry "DEN"]
[EventCategory "4"]
[SourceTitle "CBM 107 Extra"]
[Source "ChessBase"]
[SourceDate "2005.09.01"]

1. c4 g6 2. g3 Bg7 3. Bg2 d6 4. Nc3 Nc6 5. e4 h5 6. h4 Bg4 7. f3 Be6 8. d3 Nd4
9. Nge2 c6 10. O-O Nxe2+ 11. Nxe2 Nf6 12. Be3 O-O 13. Qd2 Kh7 14. Rac1 Bd7 15.
d4 a6 16. Rc2 b5 17. Rfc1 bxc4 18. Rxc4 a5 19. Nf4 Rb8 20. b3 Rb5 21. Qd3 Qa8
22. Nh3 Rb4 23. Ng5+ Kg8 24. e5 Bf5 25. Qe2 Nd5 26. Bd2 Rxc4 27. bxc4 Nb4 28.
a3 Nc2 29. Bc3 dxe5 30. g4 hxg4 31. fxg4 Bxg4 32. Qxg4 exd4 33. Rxc2 dxc3 34.
h5 Qa7+ 35. Kh1 Qe3 36. hxg6 f5 37. Qh3 Qxh3+ 38. Nxh3 Rb8 39. Bxc6 Rb1+ 40.
Kg2 Rb2 41. Ba4 Rb6 42. Nf4 Bd4 43. Kf3 e5 44. Nd5 Rb1 45. Ne7+ Kf8 46. g7+
Kxg7 47. Nxf5+ Kf6 48. Nxd4 exd4 49. Ke4 1-0

[Event "IM"]
[Site "Aarhus"]
[Date "2005.07.08"]
[Round "7"]
[White "Stark, Lars"]
[Black "Matthiesen, Martin"]
[Result "0-1"]
[WhiteElo "2337"]
[BlackElo "2311"]
[PlyCount "114"]
[EventDate "2005.07.02"]
[EventType "tourn"]
[EventRounds "9"]
[EventCountry "DEN"]
[EventCategory "4"]
[SourceTitle "CBM 107 Extra"]
[Source "ChessBase"]
[SourceDate "2005.09.01"]

1. c4 Nf6 2. g3 c6 3. Nf3 d5 4. Qc2 Bg4 5. Bg2 e6 6. O-O Bd6 7. d3 O-O 8. b3
Nbd7 9. Bb2 Qe7 10. a3 a5 11. Nbd2 e5 12. h3 Bh5 13. e4 dxe4 14. dxe4 Bg6 15.
Nh4 Rfe8 16. Rfe1 Bc5 17. Nf1 Nf8 18. Ne3 Qc7 19. Bc3 Ne6 20. Nef5 Rad8 21. Qb2
Bd4 22. Nxg6 hxg6 23. Nxd4 exd4 24. Bd2 Nc5 25. Qb1 d3 26. Bf4 Qb6 27. Be3
Nfxe4 28. Bxe4 Rxe4 29. b4 axb4 30. axb4 d2 31. Rf1 Rxe3 32. fxe3 Nd3 33. c5
Qxb4 34. Qxb4 Nxb4 35. Rfd1 Na6 36. Ra2 Nxc5 37. Raxd2 Rxd2 38. Rxd2 Kf8 39. g4
g5 40. Rc2 Ne6 41. Kf2 Ke7 42. Kf3 Kd6 43. Ke4 c5 44. Rd2+ Kc6 45. Ke5 c4 46.
Rd6+ Kb5 47. Rd7 Nc5 48. Rxf7 c3 49. Rf1 Kc4 50. Kd6 b6 51. Kc6 b5 52. Kb6 Ne4
53. Rd1 Nd2 54. Re1 b4 55. e4 b3 56. e5 b2 57. e6 c2 0-1

[Event "IM"]
[Site "Aarhus"]
[Date "2005.07.06"]
[Round "5"]
[White "Stark, Lars"]
[Black "Holst, Allan"]
[Result "0-1"]
[WhiteElo "2337"]
[BlackElo "2363"]
[PlyCount "122"]
[EventDate "2005.07.02"]
[EventType "tourn"]
[EventRounds "9"]
[EventCountry "DEN"]
[EventCategory "4"]
[SourceTitle "CBM 107 Extra"]
[Source "ChessBase"]
[SourceDate "2005.09.01"]

1. c4 Nf6 2. g3 c6 3. Bg2 d5 4. Nf3 dxc4 5. Qc2 Qd5 6. Nc3 Qh5 7. O-O Na6 8.
Nd1 Qc5 9. Ne3 Be6 10. Qc3 Ne4 11. Qe5 Nd6 12. Qf4 f6 13. b3 Bf7 14. Nxc4 Nxc4
15. bxc4 e5 16. Qf5 Qxc4 17. d4 exd4 18. Qe4+ Be7 19. Nxd4 Bd5 20. Qe3 Bxg2 21.
Kxg2 Kf7 22. Bb2 Rhe8 23. Rfc1 Qd5+ 24. Nf3 Bc5 25. Qf4 Rxe2 26. Bd4 Bxd4 27.
Qxd4 Qxd4 28. Nxd4 Rd2 29. Nb3 Rd5 30. Rab1 Re8 31. Rc4 Re7 32. Ra4 Rb5 33. Rd1
c5 34. Na5 Rb4 35. Ra3 Nc7 36. Nb3 Nb5 37. Ra5 b6 38. Ra6 Ke8 39. Rc1 Ree4 40.
Nxc5 bxc5 41. Rxc5 Re7 42. Rc8+ Kf7 43. Rb8 Nc7 44. Rxf6+ Kxf6 45. Rxb4 Ke5 46.
Ra4 Nd5 47. f4+ Kd6 48. Ra6+ Kc5 49. Kh3 Nb4 50. Ra3 Kb5 51. g4 a5 52. f5 Rd7
53. g5 Rd3+ 54. Rxd3 Nxd3 55. Kg3 Kc5 56. h4 Kd5 57. h5 Kd6 58. Kf3 Ke7 59. Ke4
Nc1 60. a3 Ne2 61. Ke5 h6 0-1